Statistics for Five Countries with Highest Education by Continent

Click here to take the quiz!

General Stats

  • This quiz has been taken 900 times
  • The average score is 18 of 30

Answer Stats

Continent Ratio Country % Correct
North America0.890United States
94%
North America0.850Canada
92%
Oceania0.927Australia
89%
Africa0.695South Africa
88%
Oceania0.917New Zealand
87%
Asia0.808Japan
87%
Europe0.884Germany
85%
Europe0.910Norway
84%
South America0.746Chile
79%
Asia0.865South Korea
79%
South America0.664Peru
74%
South America0.712Uruguay
72%
Europe0.894Netherlands
70%
Oceania0.767Fiji
70%
North America0.743Cuba
67%
South America0.682Venezuela
65%
South America0.674Bolivia
64%
Europe0.887Ireland
59%
Africa0.643Algeria
51%
Oceania0.720Tonga
47%
Asia0.854Israel
47%
Oceania0.787Palau
41%
Africa0.698Libya
36%
North America0.740Barbados
35%
Africa0.636Seychelles
29%
Africa0.718Mauritius
29%
North America0.724Grenada
23%
Asia0.776Cyprus
13%
Asia0.770Georgia
10%
Europe0.877Lithuania
9%

Score Distribution

Percentile by Number Answered

Percent of People with Each Score

Your Score History

You have not taken this quiz